Teachers,schools and society

Bibliographic Details
Main Author: Sadker, Myra
Format: Book
Published: New York : McGraw-Hill , 1994
Subjects:

MARC

LEADER 00000cam a2200000 7i4500
001 0000003021
002 000003270
005 20000330.0
020 |a 0070549222 
090 0 0 |a 371.102   |b SAD 
100 1 |a Sadker, Myra 
245 1 0 |a Teachers,schools and society   |c Myra Sadker and David Miller Sadker 
260 |a New York :   |b McGraw-Hill ,   |c 1994 
300 |a 500p ;   |c 26cm. 
650 0 0 |a Teaching 
999 |a 036600   |b BUKU   |c PINJAMAN   |e PERPUSTAKAAN KOMUNITI PETALING JAYA